| 000 | 00673cam a22002291 4500 | ||
|---|---|---|---|
| 001 | 8786674 | ||
| 005 | 20180202040042.0 | ||
| 008 | 750925s1941 mnua b 000 0 eng | ||
| 010 | _a 41013626 | ||
| 035 | _a(OCoLC)1655772 | ||
| 040 |
_aDLC _cFMU _dOCoLC _dDLC |
||
| 041 | _aeng | ||
| 042 | _apremarc | ||
| 080 | _a632.7 COT | ||
| 082 | _a632.7 COT | ||
| 100 | 1 | _a11 | |
| 101 | _aBIO | ||
| 245 | 1 | 0 |
_aInsect pests of stored grain and grain products, _cby Richard T. Cotton ... |
| 504 | _a"References" at end of each chapter except one. | ||
| 906 |
_a7 _bcbc _coclcrpl _du _encip _f19 _gy-gencatlg |
||
| 942 |
_2ddc _cBK |
||
| 999 |
_c41582 _d41582 |
||